000 00487nam a2200181Ia 4500
999 _c37328
_d37328
003 OSt
005 20200929141939.0
008 190216s9999||||xx |||||||||||||| ||und||
040 _coclc
082 _a590
_bVID/T
100 _aVidyarthi, R D
_95156
245 0 _aA Text Book Of Zoology /
_cR D Vidyarthi
250 _a11th Ed.
260 _bA.G Publications,
_c1968.
_aAgra:
300 _a727p
650 _aZoology
942 _cBK
_2ddc
_h590
_iVID/T
_k590
_mVID/T